WTA Top 50 - 2010 - Statistics

General Stats
  • This quiz has been taken 101 times
  • The average score is 33 of 50
Answer Stats
# Nationality Player % Correct
4 USA Serena Williams
98%
5 USA Venus Williams
98%
1 Denmark Caroline Wozniacki
96%
12 Belgium Justine Henin
96%
18 Russia Maria Sharapova
96%
17 Serbia Ana Ivanovic
94%
3 Belgium Kim Clijsters
94%
11 China Li Na
94%
14 Poland Agnieszka Radwanska
92%
10 Belarus Victoria Azarenka
92%
47 Germany Angelique Kerber
86%
7 Italy Francesca Schiavone
86%
8 Serbia Jelena Jankovic
86%
16 France Marion Bartoli
86%
34 Czech Republic Petra Kvitova
84%
6 Australia Samantha Stosur
84%
24 Italy Flavia Pennetta
80%
9 Russia Elena Dementieva
76%
43 Italy Sara Errani
76%
22 Estonia Kaia Kanepi
73%
31 Slovakia Dominika Cibulkova
71%
27 Russia Svetlana Kuznetsova
71%
30 Slovakia Daniela Hantuchova
69%
38 Italy Roberta Vinci
69%
2 Russia Vera Zvonareva
69%
26 China Zheng Jie
69%
32 Germany Andrea Petkovic
63%
33 Czech Republic Lucie Safarova
59%
13 Israel Shahar Peer
59%
15 Russia Nadia Petrova
57%
35 Bulgaria Tsvetana Pironkova
57%
45 Latvia Anastasija Sevastova
55%
23 Belgium Yanina Wickmayer
53%
36 Ukraine Alona Bondarenko
49%
28 Spain Maria Jose Martinez Sanchez
49%
37 Hungary Agnes Szavay
47%
49 Argentina Gisela Dulko
47%
39 Kazakhstan Yaroslava Shvedova
47%
21 Russia Anastasia Pavlyuchenkova
45%
48 Slovenia Polona Hercog
45%
50 Russia Ekaterina Makarova
43%
40 Germany Julia Gorges
43%
46 Japan Kimiko Date Krumm
43%
20 Russia Maria Kirilenko
43%
44 Switzerland Patty Schnyder
41%
29 Romania Alexandra Dulgheru
39%
25 Russia Alisa Kleybanova
35%
41 Czech Republic Klara Zakopalova
31%
19 France Aravane Rezai
22%
42 Australia Jarmila Groth
22%
No matching quizzes found
Score Distribution
Percent of People with Each Score
Percentile by Number Answered
Your Score History
You have not taken this quiz